| 000 | 01465cam a22003611i 4500 | ||
|---|---|---|---|
| 003 | SA-RiAUC | ||
| 005 | 20250523140310.0 | ||
| 008 | 250522s1999 sy a g b 001 0 ara c | ||
| 040 |
_aSA-RiAUC _bara _cSA-RiAUC _erda |
||
| 050 | 1 | 4 | _b.S222 1996 |
| 082 | 0 | 4 |
_a247.99 _qSA-RiAUC |
| 090 |
_a247.99 _b س ب ا |
||
| 100 | 1 |
_aسباهي، عزيز، _dتوفي 2016 _eمؤلف. |
|
| 245 | 1 | 0 |
_aأصول الصابئة : _bالمندائيين ومعتقداتهم الدينية / _cعزيز سباهي. |
| 246 | 3 | 0 | _aالمندائيين ومعتقداتهم الدينية |
| 250 | _aالطبعة الثانية. | ||
| 264 | 1 |
_aدمشق : _bدار المدى للثقافة والنشر، _c1999 |
|
| 300 |
_a259 صفحة : _bإيضاحيات ؛ _c22 سم. |
||
| 336 |
_aنص _btxt _2rdacontent _3كتاب |
||
| 337 |
_aبدون وسيط _bn _2rdamedia |
||
| 338 |
_aمجلد _bnc _2rdacarrier |
||
| 490 | 1 |
_aمنشورات المدى. _aدراسات ؛ _v18 |
|
| 500 | _aالغلاف مصور بالألوان. | ||
| 500 | _aيشتمل على كشاف. | ||
| 500 | _aملاحق : صفحة 247-259. | ||
| 504 | _aببليوجرافية : صفحة 235-244. | ||
| 650 | 7 |
_aالصابئة _xتاريخ _2aucsh |
|
| 650 | 7 |
_aالديانات القديمة _2aucsh |
|
| 650 | 7 |
_aالإلحاد والملحدون _2aucsh |
|
| 830 | 0 |
_aمنشورات المدى. _pدراسات _v18 |
|
| 942 |
_2ddc _cBOOK _n0 |
||
| 949 |
_aSA-JeALM _d250522 _uosman123 _n1 |
||
| 999 |
_c8263 _d8263 |
||